Re Engeneering Management the Mandate (Record no. 1850)

MARC details
000 -LEADER
fixed length control field 00333nam a22001337a 4500
008 - FIXED-LENGTH DATA ELEMENTS--GENERAL INFORMATION
fixed length control field 241217b |||||||| |||| 00| 0 eng d
020 ## - INTERNATIONAL STANDARD BOOK NUMBER
ISBN 0887306985
100 ## - MAIN ENTRY--AUTHOR
Author CHAMDY, James
245 ## - TITLE STATEMENT
Title Re Engeneering Management the Mandate
260 ## - PUBLICATION, DISTRIBUTION, ETC. (IMPRINT)
Place of publication Nill
Name of publisher Collins Harper
Date of publication 1995
300 ## - COLLATION
Pagination xii, 212p.
942 ## - ADDED ENTRY ELEMENTS (KOHA)
Item type Books
050 ## - LIBRARY OF CONGRESS CALL NUMBER
Classification number HD70
Item number .C43
Holdings
Source of classification or shelving scheme Not for loan Permanent location Current location Date acquired Accession No. Full call number Barcode. Koha item type
Library of Congress Classification   Samuel Ogbemudia Main Library, University of Abuja Samuel Ogbemudia Main Library, University of Abuja 12/17/2024 201850551 HD70.C43 2024-2851 Books